Arbitration for the practitioner /

Bibliographic Details
Main Author: Baer, Walter E.
Format: Book
Language:English
Published: Jefferson, N.C. : McFarland, [1988]
Subjects:

MARC

Tag First Indicator Second Indicator Subfields
LEADER 00000cam a2200000 a 4500
001 in00000016434
005 20151007052755.0
008 871008s1988 ncu b 00110 eng
010 |a  87029706  
020 |a 0899502903 (alk. paper) 
035 |a (OCoLC)16901068 
035 |9 AAA9124AM 
040 |a DLC  |c DLC  |d TXA  |d UtOrBLW 
043 |a n-us--- 
049 |a TXAM  |c [A11464997] 
050 0 0 |a KF3544  |b .B34 1988 
082 0 |a 344.73/0189143  |a 347.304189143  |2 19 
100 1 |a Baer, Walter E. 
245 1 0 |a Arbitration for the practitioner /  |c by Walter E. Baer. 
264 1 |a Jefferson, N.C. :  |b McFarland,  |c [1988] 
264 4 |c ©1988 
300 |a xii, 161 pages ;  |c 24 cm. 
336 |a text  |b txt  |2 rdacontent 
337 |a unmediated  |b n  |2 rdamedia 
338 |a volume  |b nc  |2 rdacarrier 
504 |a Includes bibliographical references and index. 
650 0 |a Grievance arbitration  |z United States. 
650 0 |a Grievance procedures  |z United States. 
999 |a MARS 
999 f f |s 8515eacf-aad1-318f-b864-bc9e66bafcf9  |i c0604af2-1343-3cfe-a73a-168d2e394151  |t 0 
952 f f |p ric  |a Texas A&M University  |b Rellis Campus  |c Joint Library Facility  |d Remote Storage  |t 0  |e KF3544 .B34 1988  |h Library of Congress classification  |i unmediated -- volume  |m A14811464997 
998 f f |a KF3544 .B34 1988  |t 0  |l Remote Storage